000 00858nam a2200349Ia 4500
001 817
005 20240113233431.0
007 ta
008 050125s a g b000 u asm u
020 _cHB
040 _aCotton College,Assam
041 _aasm
082 _a294.554
_bSa 74 Da
100 _aSharma, Benudhar .
245 0 _aDakshinpat Sattra /
_cBenudhar Sharma.
_hTextual Documents
260 _aGuwahati :
_bAssam Jyoti ,
_c1889.
300 _a151p :
_bill ;
_c24cm. .
653 _aAssamese-Religion
653 _aReligious Literature
653 _aReligion-Assam
653 _aMS-Assamese
653 _aReference History
653 _aG-Religion
942 _2ddc
_cBK
999 _c815
_d815